000 00599 a2200193 4500
003 Nust
005 20221226094559.0
010 _a 82002715
020 _a0442247214
040 _cNust
082 0 0 _a621.385,KUF
100 1 _aKuecken, John A.
_9105851
245 1 0 _aTalking computers and telecommunications /
_cJohn A. Kuecken.
260 _aNew York :
_bVan Nostrand Reinhold Co.,
_cc1983.
300 _ax, 237 p. :
_bill. ;
_c24 cm.
505 _aIntroductions (Page-V), Telecommunications (Page-1), Sound, Waveforms and Speech (Page-83).
650 0 _aTelephone.
_9105735
942 _2ddc
_cBK
999 _c183720
_d183720